00719nam a2200193 a 450000100100000000500170001000800410002704000250006804100390009308200180013210000230015024000410017324501020021426000440031630000210036053400640038165000420044565000380048700002285820200930021835.0101119s1968 mx 000 0 spa d aDO-SdBNPbspacBNPHU17aspaheng2Código de idiomas MARC a327.73bC635r1 aCleveland, Harlan.10aThe obligations of power.lEspañol10aResponsabilidad de las potencias :bla diplomacia en la búsqueda de la paz /cHarlan Cleveland. aMéxico, D. F. :bLimusa-Wiley,c1968. a240 p. ;c19 cm. aTítulo de la obra en inglés :tThe obligations of power 4aRelaciones exterioreszEstados Unidos 4aPolitica exteriorzEstados Unidos